000 01106nam a22002657a 4500
999 _c63358
_d63358
005 20240530110636.0
008 170925s2014 ts f b 000 0dara d
020 _a9789948230007
040 _aEG-CaGPL
_cEG-CaGPL
082 0 4 _221
_a327.117 /
_bف ت
100 0 _aفتوح ابو دهب هيكل
245 1 2 _aالتدخل الدولى لمكافحة الارهاب و انعكاساتة على السيادة الوطنية /
_cفتوح ابو دهب هيكل
250 _aط. 1
260 _aابوظبى :
_bمركز الامارات للدراسات و البحوث الاستراتيجية ،
_c2014.
300 _a227 ص. ؛
_c24 سم.
504 _aيشتمل على ارجاعات ببليوجرافية
650 0 7 _2qrmak
_aالتخريب و التدمير
650 0 7 _2qrmak
_aالجرائم السياسية
650 0 7 _2qrmak
_aالارهاب
_xقانون دولى
650 0 7 _2qrmak
_aالارهاب
_xقانون دولى
650 0 7 _2qrmak
_aالارهاب
_xمكافحة
650 0 7 _2qrmak
_aالاحوال السياسية
942 _2ddc
_cBK